00878 a2200229 4500010001400000020002200014035001300036037002000049082001400069090001500083100004400098245013000142246005800272250001100330260004200341270006000383300002000443650002400463942002400487999001500511952012200526 aTML-30350 a8123410989c55.00 aTM-28586 bD.B.Act / pub / a330.95482 c1232d1232 aபேரின்பன், தேவ. a தமிழகத்தின் பொருளாதார வரலாறுcby தேவ. பேரின்பன aTamizhakathin porulathara varalarubby Deva. Perinpan a1st ed aChennaibNew Century Book Housec2006 a41b, Sidco Indusrial estate , AmbatturbChennaie600098 axvi, 126pc22cm aEconomic conditions cTMk330.95482 / PER c1223d1223 00102ddc40718NFICaDBADbDBADg55.00l0o330.95482pTM-28586r2008-09-15 00:00:00t1u1288v55.00w2008-09-15yTM